Capitales du Monde - 196 à la suite ? - Statistiques

Statistiques générales
  • Ce quiz a été pris 485 fois
  • Le résultat moyen est 44 sur 196
Statistiques - réponses
Pays Capitale % Correct
États-Unis Washington
100%
Irak Bagdad
80%
Cap-Vert Praia
54%
Croatie Zagreb
54%
Tuvalu Funafuti
45%
Seychelles Victoria
44%
Guatemala Guatemala
43%
Canada Ottawa
40%
Nauru Yaren
40%
Trinité-et-Tobago Port-d'Espagne
39%
Gabon Libreville
38%
Iran Téhéran
38%
Éthiopie Addis-Abeba
37%
Venezuela Caracas
37%
Timor Oriental Dili
36%
France Paris
36%
Corée du Nord Pyongyang
36%
Ghana Accra
35%
Algérie Alger
35%
Turquie Ankara
35%
Azerbaïdjan Bakou
35%
Serbie Belgrade
35%
Bangladesh Dacca
35%
Rwanda Kigali
35%
Jamaïque Kingston
35%
Bahreïn Manama
35%
Oman Mascate
35%
Chypre Nicosie
35%
République Tchèque Prague
35%
Maroc Rabat
35%
Saint-Marin Saint-Marin
35%
Thaïlande Bangkok
34%
Kirghizistan Bichkek
34%
Belgique Bruxelles
34%
Australie Canberra
34%
Maldives Malé
34%
Salvador San Salvador
34%
Lituanie Vilnius
34%
Andorre Andorre-la- Vieille
33%
Mali Bamako
33%
Gambie Banjul
33%
Papouasie- Nouvelle-Guinée Port Moresby
33%
Samoa Apia
32%
Paraguay Asunción
32%
Suisse Berne
32%
Indonésie Jakarta
32%
Portugal Lisbonne
32%
Italie Rome
32%
Antigua-et- Barbuda Saint John's
32%
Libye Tripoli
32%
Arménie Erevan
31%
Pérou Lima
31%
Lesotho Maseru
31%
Somalie Mogadiscio
31%
Chili Santiago
31%
Bosnie- Herzégovine Sarajevo
31%
Luxembourg Luxembourg
30%
Îles Marshall Majuro
30%
Pays-Bas Amsterdam
29%
Soudan du Sud Djouba
29%
Égypte Le Caire
29%
Biélorussie Minsk
29%
Chine Pékin
29%
Kosovo Pristina
29%
Dominique Roseau
29%
Japon Tokyo
29%
Syrie Damas
28%
Slovénie Ljubljana
28%
Palaos Ngerulmud
28%
Guinée Conakry
27%
Finlande Helsinki
27%
Monaco Monaco
27%
Islande Reykjavik
27%
Yémen Sanaa
27%
Hongrie Budapest
26%
Ukraine Kiev
26%
Togo Lomé
26%
Nouvelle-Zélande Wellington
26%
Jordanie Amman
25%
Tanzanie Dodoma
25%
Népal Katmandou
25%
Maurice Port-Louis
25%
Guinée-Bissau Bissau
24%
Slovaquie Bratislava
24%
Rép du Congo Brazzaville
24%
Danemark Copenhague
24%
Qatar Doha
24%
Botswana Gaborone
24%
Mauritanie Nouakchott
24%
Norvège Oslo
24%
Costa Rica San José
24%
Albanie Tirana
24%
Sainte-Lucie Castries
23%
Nicaragua Managua
23%
Bahamas Nassau
23%
Tchad Ndjamena
23%
Mongolie Oulan-Bator
23%
Émirats Arabes Unis Abou Dabi
22%
Saint-Christophe- et-Niévès Basseterre
22%
Taïwan Taipei
22%
Allemagne Berlin
21%
Malawi Lilongwe
21%
Comores Moroni
21%
Israël Jérusalem
20%
Suède Stockholm
20%
Kiribati Tarawa-Sud
20%
Érythrée Asmara
19%
Burundi Gitega
19%
Saint-Vincent-et- les-Grenadines Kingstown
19%
Malaisie Kuala Lumpur
19%
Birmanie Naypyidaw
19%
Zambie Lusaka
18%
Espagne Madrid
18%
États Fédérés de Micronésie Palikir
18%
Fidji Suva
18%
Moldavie Chișinău
17%
Zimbabwe Harare
17%
Afghanistan Kaboul
17%
Koweït Koweït
17%
Lettonie Riga
17%
Arabie Saoudite Riyad
17%
Estonie Tallinn
17%
Vatican Vatican
17%
Côte d'Ivoire Yamoussoukro
17%
Brésil Brasilia
16%
Sierra Leone Freetown
16%
Eswatini Mbabane
16%
Liberia Monrovia
16%
Cambodge Phnom Penh
16%
Bulgarie Sofia
16%
Irlande Dublin
15%
Îles Salomon Honiara
15%
Mozambique Maputo
15%
Kenya Nairobi
15%
Tonga Nukuʻalofa
15%
Cameroun Yaoundé
15%
Belize Belmopan
14%
Djibouti Djibouti
14%
Philippines Manille
14%
Panama Panama
14%
Suriname Paramaribo
14%
Bhoutan Thimphou
13%
Brunei Bandar Seri Begawan
12%
République Centrafricaine Bangui
12%
Barbade Bridgetown
12%
Burkina Faso Ouagadougou
12%
Haïti Port-au-Prince
12%
Corée du Sud Séoul
12%
Guyana Georgetown
10%
Bolivie La Paz / Sucre
10%
Nigeria Abuja
9%
Kazakhstan Astana
9%
Grèce Athènes
9%
Argentine Buenos Aires
9%
Pakistan Islamabad
9%
Malte La Valette
9%
Niger Niamey
9%
Bénin Porto-Novo
9%
Équateur Quito
9%
Sao Tomé-et- Principe Sao Tomé
9%
Singapour Singapour
9%
Macédoine du Nord Skopje
9%
Ouzbékistan Tachkent
9%
Géorgie Tbilissi
9%
Laos Vientiane
9%
Tadjikistan Douchanbé
8%
Guinée Équatoriale Malabo
8%
Uruguay Montevideo
8%
Autriche Vienne
8%
Madagascar Antananarivo
7%
Liban Beyrouth
7%
Colombie Bogotá
7%
Roumanie Bucarest
7%
Soudan Khartoum
7%
Rép. Dém. du Congo Kinshasa
7%
Cuba La Havane
7%
Angola Luanda
7%
Mexique Mexico
7%
Monténégro Podgorica
7%
Vanuatu Port-Vila
7%
Grenade Saint George's
7%
Liechtenstein Vaduz
7%
Pologne Varsovie
7%
Namibie Windhoek
7%
Turkménistan Achgabat
6%
Ouganda Kampala
6%
Royaume-Uni Londres
6%
Russie Moscou
6%
Inde New Delhi
6%
Afrique du Sud Pretoria / Le Cap / Bloemfontein
6%
République Dominicaine Saint-Domingue
6%
Tunisie Tunis
6%
Sénégal Dakar
5%
Viêt Nam Hanoï
5%
Sri Lanka Sri Jayawardenapura Kotte
5%
Honduras Tegucigalpa
5%
Aucun quiz correspondant
Distribution des résultats
% des personnes avec chaque résultat
Percentile par nombre de réponses
Votre historique - résultats
Vous n’avez pas pris ce quiz